000 00532nam a22001577a 4500
005 20251108172021.0
008 250721s9999 xx 000 0 ara d
082 1 4 _a811.0956/أنط
100 1 _aعكاوي، أنطوان
245 1 0 _aالأشعار الشعبية اللبنانية :
_bدراسة و بعض نماذجها الحلوة /
264 1 _aطرابلس ، لبنان :
_bجروس بروس،
_c[19-].
300 _a159ص
650 1 7 _aالشعر الشعبي اللبناني
942 _2ddc
_cBK
999 _c68342
_d68342